000 00448nam a2200181Ia 4500
001 4538
005 20260306145803.0
008 260306t1986||||xx |||||||||||||| ||spa||
041 _aESP
082 _a324.285
_bM19
100 _aMalpica, Carlos
_eAUT
245 0 _aEl anti imperialismo del APRA y los contratos petroleros
260 _c1986
300 _a398 páginas :
_c20 cm.
650 _aGEN
654 _aCDE
942 _cLIB
_dJUS
_fJUS
_2ddc
_n
999 _c4538
_d4538